[Event "Manila zt 3.2a"]
[Site "Manila"]
[Date "2001.04.26"]
[Round "4"]
[White "Paragua, Mark"]
[Black "Datu, Idelfonso"]
[Result "1-0"]
[WhiteElo "2454"]
[BlackElo "2381"]
[Annotator "Postny,E"]
[PlyCount "89"]
[EventDate "2001.04.24"]
[EventType "swiss"]
[EventRounds "9"]
[EventCountry "PHI"]
[SourceTitle "CBM 083"]
[Source "ChessBase"]
[SourceDate "2001.07.05"]
[SourceVersion "1"]
[SourceVersionDate "2001.07.05"]
[SourceQuality "1"]

1. e4 {Hecht} e5 2. Nf3 Nf6 3. Nc3 Nc6 4. d4 exd4 5. Nxd4 Bb4 6. Nxc6 bxc6 7.
Bd3 d5 8. exd5 Qe7+ (8... cxd5 {is the main line.}) 9. Qe2 Qxe2+ (9... cxd5 10.
Bb5+ Bd7 11. Bxd7+ Nxd7 12. Qxe7+ Kxe7 13. Bd2 Nb6 14. O-O-O Rhd8 15. Rhe1+ Kf8
16. Nb5 Bxd2+ 17. Rxd2 c6 18. Nd4 c5 $11 {0-1 Gurevich,V-Smagin,S/Cappelle la
Grande 1995/EXT 97 (79)}) 10. Kxe2 Nxd5 11. Nxd5 (11. Ne4 {is probably more
promising, since white has superior pawnstructure.} O-O 12. Rd1 $14 {[%cal
Ye2f1]}) 11... cxd5 12. Bf4 (12. Bb5+ Bd7 13. Bxd7+ Kxd7 14. Rd1 Rhe8+ (14...
Kc6) 15. Be3 Kc6 16. c4 dxc4 17. Rd4 Ba5 18. Rc1 Re7 19. Rcxc4+ Kb7 20. Rh4 h6
21. Rhe4 Rae8 22. Rxe7 Rxe7 23. Kf3 Bb6 24. Bd2 $14 {1/2-1/2 Zelcic,R-Nikolac,
J/Solin 1998/EXT 2000 (50)}) 12... c6 13. c3 Be7 14. Kd2 Be6 $146 (14... O-O
15. Rhe1 Be6 16. Ba6 Rad8 {1/2-1/2 Podoba,M-Zahorsky,R/SVK 1998/EXT 99 (16)})
15. Ba6 Kd7 16. b4 d4 $6 ({Careless is} 16... Rhe8 $6 {as after} 17. b5 {
[%cal Ga6b7]} g5 18. Bg3 f5 19. Be5 Bd6 20. Bxd6 Kxd6 21. Bb7 {black losing a
pawn.}) (16... Bd6 {is the safest way to equality.}) 17. Be5 $1 dxc3+ 18. Kxc3
$14 Bd6 19. Rad1 Bd5 20. Bxd6 Kxd6 21. Bc4 a5 $2 {Allowing white to reach a
defended passed pawn.} (21... Rhd8 {[%cal Yd6c7]} 22. Rd3 (22. b5 Kc5 23. Bxd5
cxd5 24. a4 d4+ 25. Kb3 a6 $11) 22... Kc7 23. Rhd1 Bxg2 24. Rg1 Be4 25. Rxd8
Rxd8 26. Rxg7 Bg6 27. h4 Kd6 $14) 22. b5 Kc5 23. Bxd5 cxd5 24. a4 {[%csl Gb5]}
Rac8 (24... Rhe8 $142 $16) 25. Rc1 Rhe8 26. Kd2+ Kd6 (26... Kb4 27. b6 Kxa4 (
27... Rb8 28. Rc7) 28. Rxc8 Rxc8 29. Rb1 $18 {[%csl Ra4][%cal Gd2d3,Gd3d4,
Gd4d5]}) 27. Rxc8 Rxc8 28. Rc1 {With such a simple moves white got a winning
position! Now I.Datu has to make a hard choice-rook endgame or pawn endgame,
in both cases black cann't survive.} Rc4 (28... Ra8 29. Kd3 $18) 29. Rxc4 dxc4
{[%csl Gb5] Hecht: '[#] Gedeckter Freibauer - Zugzwang - Dreiecksmanöver'} 30.
Kc3 Kc5 31. f4 f5 (31... h5 32. g3 g6 (32... f5 33. h3 $18) 33. h3 f6 34. g4 h4
35. f5 g5 36. Kc2 $1 Kd5 (36... Kd6 {Hecht} 37. Kd2 Kd5 (37... Kc5 {Hecht} 38.
Kc3 Kd5 39. b6 Kc6 40. Kxc4 Kxb6 41. Kd5 $18) 38. Ke3 Kc5 39. Ke4 c3 40. Kd3
Kd5 41. Kxc3 Kc5 42. b6 Kxb6 43. Kd4 Kc6 44. Kc4 Kd6 45. Kb5 Ke5 46. Kxa5 Kf4
47. Kb4 Kg3 48. a5 Kxh3 49. a6 Kxg4 50. a7 $18) 37. Kd1 $1 {[%csl Yd1,Yd5] The
key move.} Kd6 (37... Kc5 38. Ke2 Kd5 39. Ke3 $18) 38. Kd2 {[%csl Yd2,Yd6]} Kc5
39. Kc3 $18) 32. h3 ({Good enough as well} 32. g3 g6 (32... h5 33. h3 $18) 33.
h3 h6 34. g4 fxg4 35. hxg4 h5 36. f5 h4 37. f6 Kd6 38. b6 h3 39. f7 Ke7 40.
f8=Q+ Kxf8 41. b7 $18) 32... h6 33. g4 g6 {[%tqu "En","How should white
continue?","","","g4g5","",10]} 34. g5 $1 (34. gxf5 {Hecht} gxf5 35. h4 h5 36.
Kc2 Kd6 37. Kd2 Kd5 38. Ke3 Kc5 $11 {[%cal Gf5e4]}) 34... hxg5 (34... h5 35. h4
$18) 35. fxg5 f4 (35... Kd5 {Hecht} 36. h4 f4 37. b6 f3 38. b7 f2 39. b8=Q f1=Q
40. Qd8+ Ke6 $16 {was nachzuweisen ist}) 36. b6 Kxb6 (36... f3 37. b7 f2 38.
b8=Q f1=Q 39. Qe5+ Kc6 40. Qf6+ Qxf6+ 41. gxf6 Kd6 42. Kxc4 $18 Ke6 43. Kb5
Kxf6 44. Kxa5 Kg5 45. Kb5 Kh4 46. a5 Kxh3 47. a6 $18) 37. Kxc4 f3 38. Kd3 Kc5
39. h4 Kd5 40. Ke3 Ke5 41. Kxf3 Kf5 42. Kg3 Ke6 43. Kf4 Kd6 44. Kg4 Ke6 45. h5
{[%mdl 4096]} 1-0

[Event "Bundesliga 0203"]
[Site "Germany"]
[Date "2003.03.09"]
[Round "12.1"]
[White "Breder, Dennis"]
[Black "Aronian, Levon"]
[Result "0-1"]
[WhiteElo "2440"]
[BlackElo "2581"]
[Annotator "Postny,E"]
[PlyCount "79"]
[EventDate "2002.10.19"]
[EventType "team-tourn"]
[EventRounds "15"]
[EventCountry "GER"]
[SourceTitle "CBM 094"]
[Source "ChessBase"]
[SourceDate "2003.05.26"]
[SourceVersion "1"]
[SourceVersionDate "2003.05.26"]
[SourceQuality "1"]
[WhiteTeam "Godesberg"]
[BlackTeam "Wattenscheid"]
[WhiteTeamCountry "GER"]
[BlackTeamCountry "GER"]

1. e4 e5 2. Nf3 Nc6 3. Nc3 Nf6 4. d4 exd4 5. Nxd4 Bb4 6. Nxc6 bxc6 7. Bd3 d5 8.
exd5 cxd5 9. O-O O-O 10. Bg5 c6 11. Qf3 Be7 12. h3 ({Another ways of play are:
} 12. Rfe1 h6 ({safer would be} 12... Re8) 13. Bxh6 gxh6 14. Qe3 {- see the
commented game Berg,E-Sokolov,I/Malmo 2001/CBM 84 [Postny]}) ({or} 12. Rae1 Be6
13. Ne2) 12... h6 (12... Rb8 13. Na4 Be6 14. Rad1 h6 15. Be3 Qa5 16. b3 Rbd8
$11 {0-1 Florean,A-Zhang Zhong/Calicut 1998/CBM 67 ext (36)}) 13. Bd2 {A rare
move, which looks a bit passive.} (13. Bf4 Nh7 14. Rfe1 Ng5 {appeared in the
game Pavasovic,D-Beliavsky,A/Vidmar mem 1999/CBM 72 [Mikhalevski,V]}) (13. Bh4
Rb8 14. b3 Rb4 15. Bg3 Bd6 16. Ne2 c5 17. c3 Rb6 18. Bxd6 Rxd6 19. Ng3 Re8 20.
Rfe1 Rde6 21. Rxe6 Rxe6 22. Bf5 Re5 23. Rd1 Bxf5 24. Nxf5 Qb6 $11 {0-1
Shtyrenkov,V-Tkachiev,V/Cappelle la Grande 1995/EXT 97 (43)}) 13... Nh7 $5 {
Interesting manoeuvre. Black is intending to find better pastures for his
knight and harass the opponent's queen by the way. Natural alternatives could
be 13...Be6 or 13...Re8.} 14. Rad1 $146 (14. Rfe1 Ng5 15. Qh5 Bd6 $6 (15... Rb8
$5) 16. Ne2 $14 {1-0 Costagliola,M-Guigonis,D/France 2000/EXT 2001 (21)}) 14...
Ng5 15. Qh5 Rb8 {[%csl Rb2]} 16. b3 Rb4 17. f4 ({After} 17. Ne2 $4 {[%tqu "En",
"Find the winning move for black.","","","b4h4","",10]} Rh4 $1 18. Qxh4 Nf3+ {
white loses his queen.}) 17... Nh7 18. Ne2 ({No good for white is} 18. Nxd5 $2
cxd5 19. Bxh7+ Kxh7 20. Bxb4 Bxb4 21. Qxd5 Qb6+ {Here the pair of bishops is
stronger, than rook + two pawns.}) (18. Na4 {looks more to the point.}) 18...
Nf6 19. Qf3 Rb8 20. Ng3 {This is a logical continuation of 18.Ne2, however
this move seems to me as inaccuracy.} (20. c4 {would be more to the point.})
20... c5 21. c4 d4 22. Nf5 ({Deserved serious attention} 22. Nh5 {intending to
eliminate the Nf6, the main defender of black's kingside position.}) 22... Re8
(22... Bxf5 $6 23. Bxf5 Re8 24. g4 $1 $36) 23. Qg3 $6 {A pointless move, since
black intended to take on f5 anyway.} (23. Nxe7+ Rxe7 24. f5 $13) 23... Bxf5
24. Bxf5 Bd6 25. Qf3 Bc7 $1 {[%cal Yc7a5]} 26. Rfe1 ({Comes into consideration
} 26. g4 {[%cal Gg4g5]} Qd6 27. Rf2) 26... Qd6 27. g3 $6 {This move
unnecessary weakens the position near the white monarch.} ({Possible was} 27.
Bb1) 27... Qa6 $1 {Attacking the Pa2 and preparing Bc7-a5 manoeuvre as well.}
28. Bb1 Ba5 {The exchange of dark-squared bishops is definitely in black's
favour.} 29. Re5 Nd7 30. Rd5 $6 ({More accurate would be} 30. Re2) 30... Bxd2 (
{Very interesting is} 30... Nb6 31. Re5 (31. Rxc5 $2 Bxd2 32. Rxd2 Re1+ $19 {
[%csl Rb1]}) (31. Qd3 $2 Nxd5 32. Qh7+ Kf8 $19) 31... Bxd2 32. Rxd2 Nxc4 33.
Qd3 $1 (33. Rxe8+ Rxe8 34. bxc4 Re1+ 35. Kh2 Rxb1 36. Qa8+ Kh7 37. Qe4+ Qg6 $19
) 33... Qg6 34. Qxg6 fxg6 35. Rxe8+ Rxe8 36. Bxg6 {and white should survive.})
31. Rxd7 Qe6 32. Qd5 $2 {The decisive mistake.} (32. Rd5 Qe3+ (32... Qxh3 $4
33. Bf5 $18) 33. Kg2 Bb4 34. Bd3 $15) 32... Qe3+ 33. Kh1 Qxg3 34. Qg2 (34.
Qxf7+ Kh8 $19 {Probably white overlooked, that the Pg7 is protected, before
playing 32.Qd5.}) 34... Re1+ 35. Rxe1 Qxe1+ 36. Qg1 Re8 {The rest of the game
is a desperation.} 37. Bf5 g6 38. Bd3 Qe6 39. Qg4 f5 40. Bxf5 0-1

[Event "RUS-ch 54th"]
[Site "Elista"]
[Date "2001.05.01"]
[Round "2"]
[White "Frolov, Denis"]
[Black "Ibragimov, Ildar"]
[Result "0-1"]
[WhiteElo "2442"]
[BlackElo "2578"]
[Annotator "Postny,E"]
[PlyCount "118"]
[EventDate "2001.04.29"]
[EventType "swiss"]
[EventRounds "9"]
[EventCountry "RUS"]
[SourceTitle "CBM 083"]
[Source "ChessBase"]
[SourceDate "2001.07.05"]
[SourceVersion "1"]
[SourceVersionDate "2001.07.05"]
[SourceQuality "1"]

1. e4 e5 2. Nf3 Nc6 3. Nc3 Nf6 4. d4 exd4 5. Nxd4 Bb4 6. Nxc6 bxc6 7. Bd3 d5 8.
exd5 cxd5 9. O-O O-O 10. Bg5 c6 {This position is basic for this opening.White
has several plans: a] 11.Qf3-the most aggressive and the most popular
continuation, putting immediate pressure on black's kingside. b] 11.Na4-the
idea is to organize a blockade of black's pawncenter or to break it with help
of Pc2-c4. c] 11.Ne2-the knight goes to kingside and Pc2-c4 strike is at
white's service.} 11. Ne2 h6 12. Bh4 Bd6 13. Nd4 (13. c4 $2 {[%tqu "En",
"Please enter a move for black.","","","d6h2","",5]} Bxh2+ $1 14. Kxh2 Ng4+ 15.
Kg3 g5 $19) (13. h3 $5) 13... c5 ({Now} 13... Bxh2+ $2 {doesn't work.} 14. Kxh2
Ng4+ 15. Qxg4 $18) 14. Nf5 (14. Nb5 Bb8 15. c4 Bb7 16. Nc3 d4 17. Ne2 Qd6 18.
Bg3 Qc6 19. f3 Bxg3 20. Nxg3 Rfe8 $15 {1/2-1/2 Zifroni,D-Macieja,B/Rimavska
Sobota 1992/EXT 97 (28)}) 14... Bxf5 15. Bxf5 Rb8 16. Rb1 (16. Bxf6 Qxf6 17.
Qxd5 Rfd8 $15) 16... Rb4 {A standart rook manoeuvre and a recommended one.} 17.
Bg3 Bxg3 18. hxg3 Qb8 {Black can be satisfied of the results of the opening;
his position is already preferable.} 19. b3 Qe5 20. Qf3 Re8 $146 (20... g6 21.
c3 (21. a3 $142 Rb6 22. Bd3 {[%csl Ye2][%cal Yd3e2]}) 21... Rb6 22. Bc2 Re8 23.
Rbd1 Rbe6 24. b4 (24. Rd2 Qg5) 24... c4 25. a4 Qg5 26. Qf4 Re2 27. Bb1 a6 28.
f3 Qxf4 29. gxf4 R8e3 $19 {0-1 Majer,J-Tolstikh,N/Zlin 1996/EXT 99 (34)}) 21.
a3 ({The attempt to break black's pawncenter with} 21. c3 Rb6 22. b4 {doesn't
succeed.} c4 $1 $17 {[%csl Rc3]}) 21... Rd4 $15 {[%csl Gc5,Gd4,Gd5,Ge5]} 22.
Rbd1 (22. b4 $2 g6 $17) 22... Ne4 23. Rxd4 cxd4 (23... Qxd4 $6 24. Rd1 Qe5 25.
Bxe4 dxe4 26. Qe3 $11) 24. Qf4 (24. Rd1 g6 25. Bh3 Nc3 26. Rf1 f5 $17 {[%csl
Yh3]}) 24... Qe7 25. Re1 g6 $1 (25... Qxa3 26. Bxe4 (26. f3 $2 Qa5 27. Re2 Qa1+
28. Kh2 Qd1 $19) 26... dxe4 27. Rxe4 Rxe4 28. Qxe4 $11) 26. Bxe4 dxe4 27. Qxh6
e3 $2 {There was no reason at all to hurry with this breakthrough.} ({First of
all black should equalize the number of pawns by simple} 27... Qxa3 {and after
possible} 28. Qf4 Qe7 {[%csl Gd4,Ge4][%cal Ge4e3]} 29. Rd1 Qc5 {black has good
winning chances.}) 28. fxe3 dxe3 {[%csl Ge3]} 29. Kh2 (29. Re2 $2 Qxa3 {
and white cann't capture the Pe3.}) 29... Qc5 (29... e2 30. b4 {[%csl Yc5]} Qf6
31. Qf4 Qc3 32. Qf2 Qxc2 33. Qxa7 Qd2 34. Qf2 $11) 30. Re2 Re4 {Despite being
a pawn down black is playing for a win thanks to the strong passed pawn.
However with careful defence white should keep the position.} 31. a4 a5 32. Qh3
Qc7 (32... Kg7 {[%cal Ge4e8,Ge8h8]} 33. g4 $8) 33. Qh6 Qd8 34. Qh3 (34. Rxe3 $4
Qd2 $19) 34... Kg7 {[%cal Ge4e8,Ge8h8]} 35. g4 $8 Re8 36. Qg3 Qd4 37. Kg1 Re4
38. Qf3 Re6 {Black cann't capture the Pg4 without losing the Pe3.} 39. Qg3 Re4
40. Qf3 Re5 41. Qg3 g5 (41... Qd1+ 42. Qe1) 42. Qf3 Kg6 43. Qc6+ Re6 44. Qf3
Qe5 45. Re1 Re7 46. Re2 {Black has no plan for a win.} f6 47. Re1 Qf4 48. Re2
Re5 49. c3 $6 {The unnecessary weakness, however doesn't change the evaluation.
The safest was 49.Re1=.} Re7 50. Qxf4 $4 $19 {A fatal mistake! The rook
endgame is completely hopeless for white.} (50. Kf1 {was holding the position.}
) 50... gxf4 51. Kf1 Rc7 52. Rc2 Kg5 53. c4 Kxg4 {[%csl Rf1,Gg4] Active black
king and far advanced black pawns decides the game.} 54. c5 f3 55. Rc4+ Kg3 56.
gxf3 Kxf3 57. c6 Rh7 58. Kg1 Rg7+ 59. Kh2 e2 0-1

[Event "Moscow Tal Memorial 7th"]
[Site "Moscow"]
[Date "2012.06.12"]
[Round "4"]
[White "Kramnik, Vladimir"]
[Black "Aronian, Levon"]
[Result "1/2-1/2"]
[WhiteElo "2801"]
[BlackElo "2825"]
[Annotator "Postny,E"]
[PlyCount "80"]
[EventDate "2012.06.08"]
[EventType "tourn"]
[EventRounds "9"]
[EventCountry "RUS"]
[EventCategory "22"]
[SourceTitle "CBM 149"]
[Source "ChessBase"]
[SourceDate "2012.07.17"]
[SourceVersion "1"]
[SourceVersionDate "2012.07.17"]
[SourceQuality "1"]

1. e4 e5 2. Nf3 Nc6 3. Nc3 Nf6 4. d4 exd4 5. Nxd4 Bb4 {In the friendly match
in Zürich Levon went for the more adventurous 5...Bc5. Now he chooses the most
solid and reliable continuation.} 6. Nxc6 bxc6 7. Bd3 O-O 8. O-O d5 9. exd5
cxd5 10. h3 {Already this move is very rare. Normally White plays the obvious
10.Bg5, there are thousands games in the database. But, Vladimir comes up with
a different conception.} ({Here is one example of the main line.} 10. Bg5 c6
11. Na4 h6 12. Bh4 Be6 13. c3 Be7 14. Re1 Re8 15. Bc2 Nd7 16. Bxe7 Qxe7 17. f4
Qf6 18. Qd4 Qxd4+ 19. cxd4 g6 $11 {1/2-1/2 Polgar,J (2701)-Giri,A (2722)/
Hoogeveen 2011/CBM 145 (27)}) 10... Re8 11. Qf3 c6 12. Bf4 {This is where
Kramnik wants to see his bishop.} Bd7 $5 {This move is a bit unusual, I
wouldn't say awkward. Normally this bishop is developed to e6, but, Aronian
did not want to block the e-file.} ({After, let's say} 12... Be6 13. Ne2 Bd6 {
I don't see even a shadow of a problem for Black, but I believe that Kramnik
had something in mind.}) 13. a3 Bxc3 $6 {I don't see the reason for giving up
the bishop. Spoiling White's pawn structure is less important than keeping
control over the dark squares.} (13... Bf8 14. Rae1 (14. Bg5 {is parried by} h6
{and the exchange on f6 is never dangerous for Black.}) 14... Qb6 15. Na4 Qa5
16. Nc3 Qb6 $11 {If White wants to continue the fight, he has to play
something like 17.Nd1, but the position remains equal.}) 14. bxc3 Ne4 15. Rfe1
Qf6 $6 (15... Nxc3 $1 {was brave and I couldn't find a refutation.} 16. Be5 (
16. Bxh7+ Kxh7 17. Qxc3 Qh4) (16. Qg3 Ne4 17. Bxe4 dxe4 18. Rad1 Re6 19. Rd4 {
There is no doubt that White has full compensation for the pawn, but hardly
more than that.}) 16... Ne4 17. Bxe4 dxe4 18. Rxe4 f6 {and again White has
very little.}) 16. Bxe4 dxe4 17. Qe3 $1 {White doesn't have to take on e4.} (
17. Rxe4 Bxh3 $1 (17... Rxe4 18. Qxe4 Qxc3 19. Be5 Qd2 20. Rb1 $36 {[%cal
Gb1b7]}) 18. Rxe8+ (18. gxh3 $4 Qg6+ $19 {[%csl Re4,Rg1]}) 18... Rxe8 19. gxh3
g5 $11) 17... Be6 18. Rad1 {After numerous inaccuracies Levon found himself in
a rather difficult position. Black can't fight for the b-file as the b8-square
is controlled by the white bishop. This means that soon White's rook will
penetrate to b7.} Qf5 ({Perhaps it was preferable to play} 18... Bd5 19. Rd4
Qe6 {not allowing White to play c3-c4 so easily. Still, after} 20. Rb1 {
White's advantage is indisputable.}) 19. Rd4 f6 20. Rb1 $1 (20. Rxe4 $6 Bf7 {
is exactly how Black wants to escape: to give up the Pe4, to exchange all the
major pieces and reach the drawn endgame with opposite coloured bishops.})
20... Bd5 21. c4 Bf7 22. Rb7 Rad8 23. Bd6 $2 {The correct idea but a wrong
interpretation.} (23. Rxd8 Rxd8 24. Bd6 $1 {This was the right order. White is
practically dominating.} (24. Rxa7 g5 25. Bg3 h5 26. h4 gxh4 27. Bxh4 Qe5 28.
Qg3+ ({In the following spectacular line White escapes by a miracle:} 28. Bg3
$2 Rd1+ 29. Kh2 Qa1 30. Bd6 $8 Rh1+ 31. Kg3 h4+ 32. Kf4 Re1 33. Qc5 Be6 34.
Ra8+ Kg7 35. Ra7+ Kg6 36. Bf8 Qc1+ 37. Qe3 Rxe3 38. Rg7+ Kh5 39. Rh7+ Kg6 40.
Rg7+ $11) 28... Qxg3 29. Bxg3 Rd2 {and Black should hold with many
difficulties.}) 24... Bxc4 (24... a5 25. c5 h5 26. Ra7 $16) (24... Rxd6 25.
Rb8+ Be8 26. Rxe8+ Kf7 27. Rxe4 $16) 25. Qxa7 Kh8 26. a4 (26. Rxg7 $4 Rxd6)
26... h5 27. Re7 e3 28. Rxe3 Qxc2 29. Rg3 Rg8 30. Bf8 $1 g5 31. Qe7 $16) 23...
Rd7 {Simple and effective. Now Black is getting rid of White's dangerous rook.}
24. Rxd7 (24. Rxe4 Qxe4 (24... Rxe4 $4 25. Rb8+ $18) 25. Qxe4 Rxe4 (25... Rxb7
$6 26. Qxc6 Rb1+ 27. Kh2 Rb2 28. Qa4 $16 {[%cal Gc4c5,Gc5c6]}) 26. Rxd7 Bxc4
27. Rxa7 Re1+ 28. Kh2 Re2 29. Bc5 Rxc2 {Later on Black will put his rook on a2
and White's passed pawn won't go too far.}) 24... Qxd7 {Black has avoided the
worst.} 25. Bc5 Qb7 26. Rxe4 Rxe4 27. Qxe4 {White's extra pawn is doubled and
therefore not sufficient for winning purposes.} Qb1+ 28. Kh2 Qb8+ 29. g3 Qa8
30. Bd6 Qe8 31. Qxe8+ {Succumbing to a draw. It's true that Kramnik spoiled
most of his advantage and now is only marginally better. Still, after 31.Qd4
White could torture his opponent for a while.} Bxe8 32. Kg2 Bg6 33. Kf3 {
White even didn't bother to move the pawn, it has no significance. The rest is
just for protocol.} Bxc2 34. Ke3 Kf7 35. Kd4 Ke6 36. Kc5 Bd3 37. Bb8 a6 38. h4
h5 39. Kxc6 Bxc4 40. Kc5 Bb5 1/2-1/2

[Event "Sigeman & Co 09th"]
[Site "Malmo"]
[Date "2001.06.20"]
[Round "9"]
[White "Berg, Emanuel"]
[Black "Sokolov, Ivan"]
[Result "1-0"]
[WhiteElo "2474"]
[BlackElo "2659"]
[Annotator "Postny,E"]
[PlyCount "49"]
[EventDate "2001.06.12"]
[EventType "tourn"]
[EventRounds "9"]
[EventCountry "SWE"]
[EventCategory "13"]
[SourceTitle "CBM 084"]
[Source "ChessBase"]
[SourceDate "2001.09.13"]
[SourceVersion "1"]
[SourceVersionDate "2001.09.13"]
[SourceQuality "1"]

1. e4 e5 2. Nf3 Nc6 3. d4 exd4 4. Nxd4 Nf6 5. Nc3 Bb4 6. Nxc6 bxc6 7. Bd3 O-O
8. O-O d5 9. exd5 cxd5 10. Bg5 c6 11. Qf3 {This is the most aggressive and the
most popular continuation in the position.Other moves like 11.Ne2 or 11.Na4
create less problems for black.} Be7 12. Rfe1 h6 (12... Re8 13. h3 h6 14. Bf4
Be6 15. Rad1 Nd7 16. Qh5 Nf6 17. Qf3 Nd7 18. Na4 Nb6 19. Nxb6 axb6 20. a3 Bd6
$11 {1/2-1/2 Mueller,K-Socko,B/Hamburg 1996/CBM 56 (40)}) 13. Bxh6 $1 {[%mdl
512] Even if this only leads to a draw, black has to find a series of only
moves not to lose.} gxh6 14. Qe3 Bd6 $1 $146 {[%mdl 8]} (14... Re8 15. Qxh6 Qd6
16. Qg5+ (16. Re3 $1 Bg4 17. h3 (17. Rae1 $2 Ne4 18. Qxd6 Bxd6 19. Bxe4 dxe4
20. Nxe4 Re6 21. Nxd6 Rxd6 22. Rg3 Rg6 $17) 17... Bf8 18. Qg5+ Bg7 19. Rxe8+
Rxe8 20. hxg4 Qb4 21. Rb1 Nxg4 $16) 16... Kf8 17. Qh6+ Kg8 18. Qg5+ Kf8 19.
Qh6+ {1/2-1/2 Vargic,D-Jukic,B/Medulin 1997/EXT 2000 (19)}) 15. Qxh6 Rb8 $2 {
The decisive mistake.This move loses in a non-trivial fashion and it's easy to
understand how a strong GM like Sokolov could make it.The defensive idea is to
play Rb8-b4 and to defend across the fourth rank.} (15... Be6 $2 16. Re3 Re8
17. Rae1 Bd7 18. Rxe8+ Bxe8 19. Re3 {[%cal Ge3h3]} Bd7 20. Rf3 $18) ({I've
tried to find other defences for black and the only defense that seems to work
is:} 15... Bd7 $1 16. Re3 Re8 17. Rf3 Ne4 18. Nxe4 (18. Bxe4 dxe4 19. Nxe4 Rxe4
20. Qxd6 Qe7 21. Rg3+ Kh7 22. Qd3 Bf5 $15) 18... dxe4 19. Qxd6 exf3 20. Qh6 Be6
$8 21. Bh7+ Kh8 22. Be4+ Kg8 23. gxf3 {[%csl Ga1][%cal Gg1h1,Ya1g1]} f5 24.
Bxc6 (24. Qg6+ Kf8 $1) (24. Kh1 Kf7) 24... Kf7 25. Qh7+ Kf6 26. Qh6+ Kf7 {
and white has nothing more than a perpetual .}) 16. Qg5+ Kh8 17. Qh4+ Kg7 18.
Qg5+ Kh8 19. Qh6+ {Probably E.Berg didn't see the mating construction yet and
wasn't sure whether to take the draw or to keep playing for a win.} Kg8 20. Re3
$1 Bg4 ({The idea of} 20... Rb4 {does not prevent white's winning idea:} 21.
Rf3 Ne4 22. Bxe4 dxe4 23. Rf6 $18 {[%csl Rd6][%cal Rh6g5] White creates an
original double threat.}) 21. Qg5+ Kh8 22. Qh6+ Kg8 23. Rae1 {The threat of
Re5 is unanswerable.} Bh5 (23... Rxb2 24. Re5 Bxe5 25. Rxe5 Ne4 26. Bxe4 dxe4
27. Rg5+ Qxg5 28. Qxg5+ $18) 24. Qg5+ Kh8 25. Rh3 {A nice achievement for the
young Swedish player.} 1-0